Neografia, Martin

Saved in:
Bibliographic Details
Main Author: Justová, Lenka (Author)
Other Authors: Končeková, Danica (Thesis advisor)
Format: Manuscript Book
Language:Slovak
Published: 2025
Subjects:
Online Access:http://is.stuba.sk/zp/portal_zp.pl?podrobnosti=185288
Tags: Add Tag
No Tags, Be the first to tag this record!

MARC

LEADER 00000ntm a22000003a 4500
001 stuzp104360
003 SK-STU
005 20250607210516.3
007 ta
008 150427s2015----xo-----f-mn---000-0-slo-d
040 |a STU  |b slo 
041 0 |a slo 
100 1 |a Justová, Lenka  |u 058180  |4 aut  |U FAD Fakulta architektúry a dizajnu  |T FAD Ústav architektúry občianskych budov  |X 103629  |U A8180  |Y 399  |7 103629 
242 0 1 |a Neografia, Martin  |y eng 
245 1 0 |a Neografia, Martin 
260 |c 2025 
650 4 |a Library  |2 eng 
650 4 |a Kultural and social center  |2 eng 
650 4 |a Gallery  |2 eng 
650 4 |a Kultúrno-spoločenské centrum  |2 slo 
650 4 |a Knižnica  |2 slo 
650 4 |a Galéria  |2 slo 
700 1 |a Končeková, Danica  |u 058180  |k Z1  |4 ths  |U FAD Fakulta architektúry a dizajnu  |T FAD Ústav architektúry občianskych budov  |X 467  |U A8180  |Y 399  |7 A000000467 
856 4 |u http://is.stuba.sk/zp/portal_zp.pl?podrobnosti=185288